Piece-wise and Max-type difference equations : periodic and eventually periodic solutions /

"Piece-wise and Max-Type Difference Equations: Periodic and Eventually Periodic Solutions is intended for lower-level undergraduate students studying discrete mathematics. The book focuses on sequences as recursive relations and then transitions to periodic recursive patterns and eventually per...

Full description

Bibliographic Details
Main Author: Radin, Michael A. (Michael Alexander) (Author)
Corporate Author: Taylor & Francis
Format: eBook
Language:English
Published: Boca Raton, FL : CRC Press, 2020.
Edition:First edition.
Subjects:
Online Access:Connect to the full text of this electronic book

MARC

Tag First Indicator Second Indicator Subfields
LEADER 00000cam a22000008i 4500
001 in00004581981
006 m o d
007 cr |||||||||||
008 200606s2020 flu ob 001 0 eng
005 20220613180036.1
035 |a (FlBoTFG)9780429457616 
040 |a OCoLC-P  |b eng  |e rda  |c OCoLC-P 
020 |a 9780429457616  |q (electronic bk.) 
020 |a 0429457618  |q (electronic bk.) 
020 |z 9781138313507  |q (hardback) 
020 |a 9780429855245  |q (electronic bk. : Mobipocket) 
020 |a 0429855249  |q (electronic bk. : Mobipocket) 
020 |a 9780429855269  |q (electronic bk. : PDF) 
020 |a 0429855265  |q (electronic bk. : PDF) 
020 |a 9780429855252  |q (electronic bk. : EPUB) 
020 |a 0429855257  |q (electronic bk. : EPUB) 
020 |z 9780367551025 
035 |a (OCoLC)1161997604  |z (OCoLC)1201337514 
035 |a (OCoLC-P)1161997604 
050 0 0 |a QA431 
072 7 |a MAT  |x 000000  |2 bisacsh 
072 7 |a MAT  |x 003000  |2 bisacsh 
072 7 |a MAT  |x 007000  |2 bisacsh 
072 7 |a PB  |2 bicssc 
082 0 0 |a 515/.625  |2 23 
100 1 |a Radin, Michael A.  |q (Michael Alexander),  |e author. 
245 1 0 |a Piece-wise and Max-type difference equations :  |b periodic and eventually periodic solutions /  |c Michael A. Radin. 
250 |a First edition. 
264 1 |a Boca Raton, FL :  |b CRC Press,  |c 2020. 
300 |a 1 online resource 
336 |a text  |b txt  |2 rdacontent 
337 |a computer  |b c  |2 rdamedia 
338 |a online resource  |b cr  |2 rdacarrier 
505 0 |a Linear difference equations -- Riccati difference equations -- Piece-Wise difference equations -- Max-type difference equations. 
520 |a "Piece-wise and Max-Type Difference Equations: Periodic and Eventually Periodic Solutions is intended for lower-level undergraduate students studying discrete mathematics. The book focuses on sequences as recursive relations and then transitions to periodic recursive patterns and eventually periodic recursive patterns. In addition to this, it will also focus on determining the patterns of periodic and eventually periodic solutions inductively. The aim of the author, throughout this book, is to get students to understand the significance of pattern recognition as a mathematical tool. Key Features Can provide possible topics for undergraduate research and for bachelor's thesis Provides supplementary practice problems and some open-ended research problems at the end of each chapter Focusses on determining the patterns of periodic and eventually periodic solutions inductively Enhances students' algebra skills before moving forward to upper level courses Familiarize students with the topics before they start undergraduate research by providing applications"--  |c Provided by publisher. 
588 |a OCLC-licensed vendor bibliographic record. 
650 0 |a Difference equations. 
650 7 |a MATHEMATICS / General  |2 bisacsh 
650 7 |a MATHEMATICS / Applied  |2 bisacsh 
650 7 |a MATHEMATICS / Differential Equations  |2 bisacsh 
655 7 |a Electronic books.  |2 local 
710 1 |a Taylor & Francis. 
730 0 |a MATHnetBASE. 
856 4 0 |u http://proxy.library.tamu.edu/login?url=https://www.taylorfrancis.com/books/9780429457616  |z Connect to the full text of this electronic book  |t 0 
999 f f |s c40e8ddd-d45a-469e-ab83-d1991dee83b5  |i c40e8ddd-d45a-469e-ab83-d1991dee83b5  |t 0 
952 f f |a Texas A&M University  |b College Station  |c Electronic Resources  |d Available Online  |t 0  |e QA431   |h Library of Congress classification 
998 f f |a QA431   |t 0  |l Available Online